| 000 | 00558nam a2200181 a 4500 | ||
|---|---|---|---|
| 005 | 20240924065204.0 | ||
| 008 | 991125s1958 mx 000 0 spa u | ||
| 035 | _aUPN01000000987 | ||
| 049 | _aCG | ||
| 050 | 4 |
_aLB1555 _bG3.2 |
|
| 100 | 1 |
_aGallo Martínez, Víctor, _d1914-2001 _928875 |
|
| 245 | 1 | 3 |
_aEl adolescente mexicano y su educación / _cVictor Gallo Martínez. |
| 260 |
_aMéxico : _b[s.n.], _c1958. |
||
| 300 | _a120 p. | ||
| 650 | 4 |
_aEducación secundaria _zMéxico _95381 |
|
| 650 | 2 |
_aEducación secundaria _zMéxico _xHistoria _99977 |
|
| 905 | _aLibro | ||
| 999 |
_c987 _d987 |
||